| 000 | 02827nam a2200457 a 4500 | ||
|---|---|---|---|
| 003 | CHAP | ||
| 005 | 20240830140250.0 | ||
| 007 | cr ||||||a|c|a | ||
| 008 | 101025s2010 mx r 00010 spa d | ||
| 035 | _a111205 | ||
| 040 | _cCHAP | ||
| 090 | _aTesis | ||
| 100 | 1 |
_aMaza Chacón, Cicerón. _973296 |
|
| 245 | 1 | 0 |
_aEvaluación de la cepa antagónica LAD para el control biológico de Cancro bacteriano del tomate (Clavibacter michiganensis subsp. michiganensis) bajo invernadero, en Chapingo, México _c/por Cicerón Maza Chacón; director María de Lourdes Rodríguez Mejía |
| 264 | 1 |
_aChapingo, Méx. : _bEl autor, _c2010. |
|
| 300 |
_a1 recurso en línea (56 páginas): _bFiguras |
||
| 336 |
_2rdacontent _atexto _btxt |
||
| 337 |
_2rdamedia _acomputadora _bc |
||
| 338 |
_2rdacarrier _arecursos en linea _bcr |
||
| 502 |
_bIAEPA _cParasitología _d2010. _gLIC |
||
| 520 | _aEn el presente trabajo se evaluó el efecto de control biológico de la cepa LAD, en contra del cancro bacteriano del tomate (Clavibacter michiganensis subsp. michiganensis), para lo cual esta se probó a tres diferentes dosis: 1ml, 2ml y 3ml; además de tres frecuencias de aplicación: 7, 14 y 21 días. El suelo se inoculó con los patógenos siete días previos al trasplante, el día del trasplante se realizó una primera aplicación con la suspensión bacteriana del antagonista sólo para los T1 (1ml/7días), T2 (2ml/7días) y T3 (3ml/7días). Los parámetros evaluados fueron la severidad e incidencia de la enfermedad; producción de frutos y peso seco del follaje. Al analizar visual y estadísticamente los resultados, todos los tratamientos inhibieron en gran medida el proceso de infección del patógeno, además que evitaron la presencia de marchitez, es decir una severidad e incidencia nula. Los mejores tratamientos fueron T3 (3ml/7días) y T6 (3ml/14 días), con una infección mínima y mejores resultados en Producción. | ||
| 590 |
_aALEPH _b10 _c20130110 |
||
| 590 |
_aBATCH-UPD _b10 _c20130110 |
||
| 590 |
_aBATCH-UPD _b10 _c20130410 |
||
| 590 |
_aBATCH-UPD _b10 _c20130914 |
||
| 590 |
_aBATCH-UPD _b10 _c20140324 |
||
| 590 |
_aBATCH-UPD _b10 _c20141002 |
||
| 590 |
_aCONVERSION _b10 _c20130109 |
||
| 650 | 0 | 4 |
_aControl biológico de hongos. _927580 |
| 650 | 0 | 4 |
_aTomate _xCultivos en invernadero. _9113704 |
| 650 | 0 | 4 |
_aTomate _xEnfermedades por bacterias. _9113712 |
| 650 | 0 | 4 |
_aTomate _xPlagas. _9113748 |
| 700 | 0 |
_aRodríguez Mejía, María de Lourdes _998687 _eDirector |
|
| 856 |
_uhttp://10.13.5.2/tesis/111205.pdf _zDESCARGAR PDF |
||
| 901 | _aBK | ||
| 942 |
_cTD _2Clasificación Universidad Autónoma Chapingo |
||
| 949 |
_bBC _cTES _d33724002219652 _eTS1 _gDonaciØn _h51283 _i111205 _sb |
||
| 949 |
_bBC _cTES _d33724002219694 _eTS2 _fc.2 _gDonaciØn _h51284 _i111205 _sb |
||
| 999 |
_c99547 _d99547 |
||